Charging order: costs of enforcement (Record no. 62056)
[ view plain ]
| 000 -LEADER | |
|---|---|
| fixed length control field | 01001cam a2200205 4500 |
| 001 - CONTROL NUMBER | |
| control field | X103265 |
| 008 - FIXED-LENGTH DATA ELEMENTS--GENERAL INFORMATION | |
| fixed length control field | 000000n1999 000 0 eng u |
| 035 ## - SYSTEM CONTROL NUMBER | |
| System control number | (Sirsi) u103265 |
| 245 ## - TITLE STATEMENT | |
| Title | Charging order: costs of enforcement |
| 260 ## - PUBLICATION, DISTRIBUTION, ETC. | |
| Date of publication, distribution, etc. | 1999 |
| 490 ## - SERIES STATEMENT | |
| Series statement | Estates Gazette Case Summaries |
| Volume/sequential designation | [1999] EGCS 145 |
| 520 ## - SUMMARY, ETC. | |
| Summary, etc. | Holder and others v APC Supperstone and others. ChD 30 November 1999. The claimants (H) obtained a money judgement against the freeholder of flats of which they were the leaseholders, for breaches of covenant. The freeholder was subsequently declared bankrupt and H engaged in third party litigation which was ultimately successful. H sought the costs of this litigation from the freeholder's trustee in bankruptcy. "Held" for the claimants. |
| 650 ## - SUBJECT ADDED ENTRY--TOPICAL TERM | |
| Topical term or geographic name entry element | ENFORCEMENT COSTS |
| 650 ## - SUBJECT ADDED ENTRY--TOPICAL TERM | |
| Topical term or geographic name entry element | HOLDER AND OTHERS V APC SUPPERSTONE AND OTHERS |
| 650 ## - SUBJECT ADDED ENTRY--TOPICAL TERM | |
| Topical term or geographic name entry element | BANKRUPTCY |
| 650 ## - SUBJECT ADDED ENTRY--TOPICAL TERM | |
| Topical term or geographic name entry element | CHARGING ORDERS |
| 650 ## - SUBJECT ADDED ENTRY--TOPICAL TERM | |
| Topical term or geographic name entry element | LEGAL COSTS |
| 690 ## - LOCAL SUBJECT ADDED ENTRY--TOPICAL TERM (OCLC, RLIN) | |
| Topical term or geographic name as entry element | PROPERTY LAW AND PRACTICE |
| 942 ## - ADDED ENTRY ELEMENTS (KOHA) | |
| Suppress in OPAC | 0 |
| Withdrawn status | Lost status | Source of classification or shelving scheme | Damaged status | Not for loan | Home library | Current library | Shelving location | Date acquired | Total Checkouts | Full call number | Barcode | Date last seen | Copy number | Price effective from | Koha item type |
|---|---|---|---|---|---|---|---|---|---|---|---|---|---|---|---|
| Dewey Decimal Classification | London | London | News article | 17/12/1999 | X103265 | 103265-1001 | 06/08/2019 | 1 | 06/08/2019 | News article |